| 000 | 00392nam a2200145Ia 4500 | ||
|---|---|---|---|
| 003 | LK-CoDNM | ||
| 008 | 010623t1926 xxu||||| |||| 00| 1 eng d | ||
| 040 |
_aLK-CoDNM _dLK-CoDNM _eLK-CoDNM |
||
| 041 | _aeng | ||
| 080 |
_a50 _bC16 |
||
| 245 | _aOpen Letter to the very Rev.Fr.M.J.Le Goc,from the Rev.H.E.C.Mendis | ||
| 260 |
_bC.A.C Press _aColombo _c1926 |
||
| 300 | _b42P., 21 cm | ||
| 942 | _cBK | ||
| 999 |
_c93252 _d93252 |
||